header

Our need for others and its roots in infancy (Record no. 194185)

MARC details
000 -LEADER
fixed length control field 01303nam a2200349Ia 4500
100 1# - MAIN ENTRY--AUTHOR NAME
Personal name Klein, Josephine,
245 10 - TITLE STATEMENT
Title Our need for others and its roots in infancy
260 ## - PUBLICATION, DISTRIBUTION, ETC. (IMPRINT)
Place of publication London ;
-- New York :
Name of publisher Tavistock Publications,
Year of publication 1987.
300 ## - PHYSICAL DESCRIPTION
Number of Pages xviii, 444 p. :
Other physical details ill.
650 #0 - SUBJECT ADDED ENTRY--TOPICAL TERM
Topical Term Child analysis.
Topical Term Infant psychology.
Topical Term Need (Psychology)
Topical Term Object relations (Psychoanalysis)
Topical Term Self in infants.
856 40 - ELECTRONIC LOCATION AND ACCESS
Uniform Resource Identifier http://site.ebrary.com/lib/rucke/Doc?id=10095850

No items available.

© 2026 Rongo University
Contact us: librarian | system librarian | Rongo university